Návrh inovácie jednoúčelového zariadenia pre výrobu parkovacích senzorov

Salvato in:
Dettagli Bibliografici
Autore principale: Prosňanský, Martin (Autore)
Altri autori: Ružarovský, Roman (Relatore della tesi)
Natura: Manoscritto Libro
Lingua:slovacco
Pubblicazione: 2021
Soggetti:
Accesso online:http://is.stuba.sk/zp/portal_zp.pl?podrobnosti=158352
Tags: Aggiungi Tag
Nessun Tag, puoi essere il primo ad aggiungerne!!

MARC

LEADER 00000ntm a22000003a 4500
001 stuzp84220
003 SK-STU
005 20210612212759.8
007 ta
008 150427s2015----xo-----f-mn---000-0-slo-d
040 |a STU  |b slo 
041 0 |a slo 
100 1 |a Prosňanský, Martin  |u 063000  |k Z4  |4 aut  |U MTF Materiálovotechnologická fakulta  |T MTF Ústav výrobných technológií  |X 93947  |U M3000  |Y 83  |7 93947 
242 0 1 |a Design of single-purpose device innovation for the production of parking sensors  |y eng 
245 1 0 |a Návrh inovácie jednoúčelového zariadenia pre výrobu parkovacích senzorov 
260 |c 2021 
650 4 |a automatizácia  |2 slo 
650 4 |a robotizácia  |2 slo 
650 4 |a priemyselná robotika  |2 slo 
650 4 |a proces lepenia  |2 slo 
650 4 |a parkovacie senzory  |2 slo 
650 4 |a simulácia  |2 slo 
650 4 |a automation  |2 eng 
650 4 |a robotics  |2 eng 
650 4 |a industrial robotics  |2 eng 
650 4 |a gluing process  |2 eng 
650 4 |a parking sensors  |2 eng 
650 4 |a simulation  |2 eng 
700 1 |a Ružarovský, Roman  |u 063800  |k Z1  |4 ths  |U MTF Ústav výrobných technológií  |T MTF Katedra výrobných zariadení a systémov  |X 30883  |U M3800  |Y 660  |7 A000030883 
856 4 |u http://is.stuba.sk/zp/portal_zp.pl?podrobnosti=158352 
996 |c M* DP-14752  |l MMSKP  |s P  |a 0  |w stuzp84220_0001